00179nam a2200085Ia 4500008004100000041000800041100001700049245001800066260000900084230508s1994 xx 000 0 und d aeng aJOSHI VIVEK. aKRIDADARSHAN. c1994